| 000 | 00525nam a2200217Ia 4500 | ||
|---|---|---|---|
| 003 | IT-RoPAU | ||
| 008 | 120407s9999 xx 000 0 und d | ||
| 040 | _aIT-RoPAU | ||
| 040 | _cIT-RoPAU | ||
| 041 | _afra | ||
| 100 | _aAdolphe Tanquerey | ||
| 245 | _aSynopsis theologiae moralis et pastoralis. 13a ed. | ||
| 250 | _aParis | ||
| 260 | _aDesclée | ||
| 260 | _c1945 | ||
| 300 | _c20 cm | ||
| 490 | _v3 | ||
| 600 | _a" - De sacramentis: 241 39b." | ||
| 942 | _cBK | ||
| 999 |
_c13893 _d13893 |
||